Detalles MARC
| 000 -CABECERA |
| campo de control de longitud fija |
00856nam a2200205 a 4500 |
| 001 - NÚMERO DE CONTROL |
| campo de control |
000042290 |
| 005 - FECHA Y HORA DE LA ÚLTIMA TRANSACCIÓN |
| campo de control |
20201002040046.0 |
| 008 - DATOS DE LONGITUD FIJA--INFORMACIÓN GENERAL |
| campo de control de longitud fija |
131122s1996 sp ac 000 0 spa d |
| 020 ## - NÚMERO INTERNACIONAL ESTÁNDAR DEL LIBRO |
| Número Internacional Estándar del Libro |
8487737153 |
| 040 ## - FUENTE DE LA CATALOGACIÓN |
| Centro catalogador/agencia de origen |
DO-SdBNP |
| Lengua de catalogación |
spa |
| Centro/agencia transcriptor |
BNPHU |
| 082 ## - NÚMERO DE LA CLASIFICACIÓN DECIMAL DEWEY |
| Número de clasificación |
xxx |
| Número de documento/Ítem |
N677A |
| 100 1# - ENTRADA PRINCIPAL--NOMBRE DE PERSONA |
| Nombre de persona |
Alvares, Rosa, |
| Fechas asociadas al nombre |
1965- |
| 9 (RLIN) |
69336 |
| 245 13 - MENCIÓN DE TÍTULO |
| Título |
La Armonía que rompe el silencio : |
| Resto del título |
conversaciones con José Nieto / |
| Mención de responsabilidad, etc. |
Rosa Alvares ; prólogo de Josefina Molina. |
| 260 ## - PUBLICACIÓN, DISTRIBUCIÓN, ETC. |
| Lugar de publicación, distribución, etc. |
Valladolid, España : |
| Nombre del editor, distribuidor, etc. |
Sociedad General de Autores y Editores, |
| -- |
Semana Internacional de Cine, |
| Fecha de publicación, distribución, etc. |
1996. |
| 300 ## - DESCRIPCIÓN FÍSICA |
| Extensión |
243 p. : |
| Otras características físicas |
il., retrs. + disco (digital ; 4 3/4 ) ; |
| Dimensiones |
25 cm. |
| 500 ## - NOTA GENERAL |
| Nota general |
Incluye datos biográficos de la autora en la solapa de la contracubierta |
| 500 ## - NOTA GENERAL |
| Nota general |
41 Semana Internacional de Cine Valladolid-1996 |
| 504 ## - NOTA DE BIBLIOGRAFÍA, ETC. |
| Nota de bibliografía, etc. |
Bibliografía : p. 231 |
| 700 12 - PUNTO DE ACCESO ADICIONAL--NOMBRE DE PERSONA |
| Nombre de persona |
Molina, Josefina |
| Término indicativo de función/relación |
tr. |
| 9 (RLIN) |
69337 |